000 03131nam0a2200457 4500
001 RU\NLR\BIBL_A\012172698
005 20210825101650.0
010 _a978-5-91543-291-7
_91000
021 _aRU
_bКН-П-19-090747
_9КН-П-19-6623
035 _a(NLR Aleph) 012172698
035 _a(RuMoRGB)010180445
090 _a12248615
_c12248615
100 _a20191225d2019 u y0rusy50 ca
101 0 _arus
102 _aRU
105 _a||||zzzz1||zy
200 1 _aПедагогические инновации и традиции в истории, теории и практике образования
_eмонография
_e[по материалам XV международной научной конференции "Историко-педагогическое знание в начале III тысячелетия: инновации в истории педагогики и современном образовании", Москва, 14 ноября 2019 г.
_fЕ.Н. Астафьева, Н.Б. Баранникова, В.Г. Безрогов и др.]
_gпод редакцией Г. Б. Корнетова
_gМинистерство образования Московской области, Академия социального управления, Кафедра педагогики
210 _aМосква
_cАСОУ
_d2019
215 _a307, [1] с.
_d21
225 1 _aСерия Историко-педагогическое знание
_vвып. 129
300 _aАвт. указаны на обороте тит. л.
320 _aБиблиогр. в подстроч. примеч.
606 1 _aОбразование
_xИстория
_yРоссия
_2nlr_sh2
_3RU\NLR\AUTH\661375869
606 1 _aИнновации педагогические
_2nlr_sh2
_3RU\NLR\AUTH\661254463
610 0 _aобразование в Российской Федерации
610 0 _aобразование в СССР
610 0 _aистория образования
686 1 _aЧ312
686 1 _aЧ33(2)
701 1 _aАстафьева
_bЕ. Н.
_gЕлена Николаевна
701 1 _aБаранникова
_bН. Б.
_gНаталья Борисовна
701 1 _aБезрогов
_bВ. Г.
_f1959-2019
_gВиталий Григорьевич
_3RU\NLR\AUTH\7714874
702 1 _aКорнетов
_bГ. Б.
_gГригорий Борисович
_4340
711 1 2 _a"Историко-педагогическое знание в начале III тысячелетия: инновации в истории педагогики и современном образовании", международная научная конференция
_d15
_f2019
_eМосква
_3RU\NLR\AUTH\880514916
712 0 2 _aАкадемия социального управления
_cМосква
_bКафедра педагогики
_3RU\NLR\AUTH\8810137343
_4570
942 _cBOOK
980 _aNBR
980 _aNB